000 00186 a2200097 4500
041 _aspa
100 _aEdwin Cordero Ardila
245 _aAlcanzando un sueò¨
942 _cBK
952 _71
999 _c25132
_d25132